China y América Latina y el Caribe (Registro nro. 490)
[ vista simple ]
| 000 -LEADER | |
|---|---|
| fixed length control field | 01290 a2200229 4500 |
| 001 - CONTROL NUMBER | |
| control field | 11657 |
| 005 - DATE AND TIME OF LATEST TRANSACTION | |
| control field | 20260407155440.0 |
| 008 - FIXED-LENGTH DATA ELEMENTS--GENERAL INFORMATION | |
| fixed length control field | 260407a2012 arg spa d |
| 003 - CONTROL NUMBER IDENTIFIER | |
| control field | AR-UNSa-BCEJYS |
| 040 ## - CATALOGING SOURCE | |
| Original cataloging agency | AR-UNSa-BCEJYS |
| Language of cataloging | spa |
| Transcribing agency | AR-UNSa-BCEJYS |
| 080 ## - UNIVERSAL DECIMAL CLASSIFICATION NUMBER | |
| Universal Decimal Classification number | 339.5 |
| Common auxiliary subdivision | Comercio exterior. Comercio Internacional |
| 020 ## - INTERNATIONAL STANDARD BOOK NUMBER | |
| International Standard Book Number | 978-92-1-221089-6 |
| 100 1# - MAIN ENTRY--PERSONAL NAME | |
| Personal name | Rosales, Osvaldo |
| 245 10 - TITLE STATEMENT | |
| Title | China y América Latina y el Caribe |
| Name of part/section of a work | Hacia una relación económica y comercial estratégica |
| 264 #1 - PRODUCTION, PUBLICATION, DISTRIBUTION, MANUFACTURE, AND COPYRIGHT NOTICE | |
| Place of production, publication, distribution, manufacture | Santiago de Chile : |
| Name of producer, publisher, distributor, manufacturer | CEPAL (Comisión Económica para América Latina y el Caribe) |
| Date of production, publication, distribution, manufacture, or copyright notice | 2012 |
| 300 ## - PHYSICAL DESCRIPTION | |
| Extent | 251 p. |
| Dimensions | 22 cm. |
| 505 ## - FORMATTED CONTENTS NOTE | |
| Formatted contents note | 1. Principales características y desempeño económico y comercial de China - 2. Vículos comerciales de China con América Latina y el Caribe: Hacia una relación estratégica - 3. Tendencias divergentes de la integración de facto en Asia y el Pâcífico, en América Latina y el Caribe y entre ambas regiones - 4. Aspectos estratégicos de la relación comercial entre China y América Latina y el Caribe |
| 590 ## - LOCAL NOTE (RLIN) | |
| Local note | niveau_biblio:m niveau_hierar:0 |
| 700 1# - ADDED ENTRY--PERSONAL NAME | |
| Personal name | Kuwayama, Mikio |
| 856 41 - ELECTRONIC LOCATION AND ACCESS | |
| Uniform Resource Identifier | <a href="https://biblioeco.unsa.edu.ar/pmb/images/libros/China y Am?rica Latina y el Caribe Rosales, Osvaldo (2012).jpg">https://biblioeco.unsa.edu.ar/pmb/images/libros/China y Am?rica Latina y el Caribe Rosales, Osvaldo (2012).jpg</a> |
| Link text | Imagen de portada |
| Electronic format type | image/jpeg |
| 942 ## - ADDED ENTRY ELEMENTS (KOHA) | |
| Koha item type | |
| Withdrawn status | Lost status | Damaged status | Not for loan | Home library | Current library | Shelving location | Date acquired | Total checkouts | Full call number | Barcode | Date last seen | Price effective from | Koha item type |
|---|---|---|---|---|---|---|---|---|---|---|---|---|---|
| Biblioteca Prof. Eusebio Cleto del Rey | Biblioteca Prof. Eusebio Cleto del Rey | 07/04/2026 | 339.5 R788 | L118901 | 07/04/2026 | 07/04/2026 | Libro |